000 00527nmm a2200193Ia 4500
008 251105s9999||||xx |||||||||||||||||und||
020 _a9788493662844
041 _aspa
100 _aDoctorow, E.L.
245 0 _aEl libro de Daniel
264 _a[Madrid, España] :
_bRoca Editorial,
_c2012
300 _a292 páginas
490 _aMiscelánea
650 _aNorth American narrative
700 _aDoctorow, E.L.
700 1 _a Ferrer, Isabel
856 _uhttps://public.digitaliapublishing.com/a/34466
942 _cCF
999 _c64835
_d64835